| 000 | 00397nam a2200145 a 4500 | ||
|---|---|---|---|
| 001 | 2981 | ||
| 003 | CDMR | ||
| 005 | 20130116135237.0 | ||
| 008 | 130130s1915||||||||||||||||||||||||||||d | ||
| 040 |
_aCDMR _bcat _cCDMR |
||
| 110 | 2 |
_aAsociación de Periodistas de Gerona _92098 |
|
| 245 | 1 | 0 | _aNuevos Estatutos de la Asociación de Periodistas de Gerona |
| 260 |
_aGerona _c1915 _bTip. Masó |
||
| 942 | _cMON | ||
| 999 |
_c2981 _d2981 |
||